00490nam a2200193 a 4500001001300000003000900013005001700022008004100039020001000080082001600090100002000106245003500126260004200161300000800203500003500211505001000246650002000256700002000276nice12345678IN_TiNIC20260116012015.0050524s1963 kara grp 000 0 urd  ac10000a297.2bMOH1 aMohammad, Sigal aAnvar-Ul-Tauhidb Abd-O-Mabood aKarachibSultan Husain and Sonsc1963 a80p aincludes index and biblioraphy2 aIndex aIslam-Doctrines1 aMohammad, Sigal